000
00290nam a22001097a 4500
008
140526t xxu||||| |||| 00| 0 eng d
020
_a
978-81-7754-402-2
100
_a
S.C. Panda
_9
870
245
_a
Sustainable Food and Nutrition Security in National Economy
300
_a
481
942
_2
ddc
_c
BK
999
_c
17113
_d
17113